000 00386nam a2200145Ia 4500
008 230917s9999||||xx |||||||||||||| ||und||
040 _e73747
_aMAIN
041 _aEnglish
082 _a658.4 G566M
100 _aGolde, Roger A
245 0 _aMuddling through: The art of properly unbusinesslike management
260 _aNew York
_bAMACOM
_c1976
300 _avi, 177 p.
942 _cBK
999 _c219875
_d219875